000
00204 a2200097 4500
020
_a
9780825409998
041
_a
spa
100
_a
Anonimo
245
_a
Numeros conceptos y figuras Geometricas
942
_c
BK
999
_c
15985
_d
15985